000 00605cam a22002411 4500
001 sa 66007322
003 DLC
005 20260227112303.0
008 941012s1965 ii 000 0 orio
010 _asa 66007322
025 _aPL480:I-O-603
035 _a(OCoLC)31273898
040 _aDLC
_cCU
_dCU
_dDLC
042 _apremarc
050 0 0 _aPK2561
_b.S9
100 1 _aSwain, Pitamber,
_d1937-
245 1 0 _aSamālocanā samāhāra.
260 _c[1965]
300 _a138 p.
_c19 cm.
500 _aIn Oriya.
650 0 _aOriya philology.
700 1 _aBhañja, Subarṇṇarekhā,
_d1939-1965.
999 _c71096
_d71096